000 00670nam a2200229Ia 4500
005 20260430150108.0
008 008 250103s9999 xx 000 0 eng d
037 _aTheses
040 _aCRL
040 _beng
040 _ceng
041 _2eng
041 _aeng
084 _qCRL
100 _aMonika Singh Au.; Bhatt R. K. Gu.
_91236448
245 0 _aUse and promotion of library and information sources and services in select special libraries in Delhi: a study
260 _c2022
300 _a341p.
700 _aUniversity of Delhi. Arts Faculty. Department of Library nad Information Science
_91236449
942 _cTH
999 _c1848935
_d1848935